[Event "Cuiaba Master 10th"]
[Site "Cuiaba"]
[Date "2019.03.02"]
[Round "2.3"]
[White "Pertuzatti, Daniel"]
[Black "Dos Santos, Rafael Nunes"]
[Result "1-0"]
[WhiteElo "1940"]
[BlackElo "1343"]
[PlyCount "35"]
[EventDate "2019.03.02"]
[EventType "swiss"]
[EventRounds "6"]
[EventCountry "BRA"]
[SourceTitle "EXT 2022"]
[Source "ChessBase"]
[SourceDate "2021.10.06"]
[SourceVersion "1"]
[SourceVersionDate "2021.10.06"]
[SourceQuality "1"]

1. e4 g5 2. d4 Bg7 3. Bc4 c5 4. Bxg5 Bxd4 5. Qh5 Qb6 6. Qxf7+ Kd8 7. Qf8+ Kc7 8. Nc3 Bxc3+ 9. bxc3 Qb2 10. Ne2 Qxa1+ 11. Bc1 b5 12. 0-0 d6 13. Bf4 Qb2 14. Bxg8 Be6 15. Qxe7+ Kb6 16. Qxd6+ Nc6 17. Qc7+ Ka6 18. Qxc6+ 1-0